Multimedia databases and image communication : proceedings of the workshop on MDIC, 2004 : Salerno, Italy 22 June 2004
Αποθηκεύτηκε σε:
| Συγγραφή απο Οργανισμό/Αρχή: | |
|---|---|
| Άλλοι συγγραφείς: | , , |
| Μορφή: | Βιβλίο |
| Γλώσσα: | English |
| Δημοσίευση: |
New Jersey ; London :
World Scientific,
c2004.
|
| Σειρά: | Series on software engineering and knowledge engineering ;
17 |
| Θέματα: | |
| Ετικέτες: |
Προσθήκη ετικέτας
Δεν υπάρχουν, Καταχωρήστε ετικέτα πρώτοι!
|
MARC
| LEADER | 00000cam a2200000 i 4500 | ||
|---|---|---|---|
| 001 | 1/63745 | ||
| 008 | 071120s2004 nju| ||| |||| ||eng|| | ||
| 020 | |a 9812561374 | ||
| 035 | |l 10092421 | ||
| 040 | |a GR-MyUA |b gre |e AACR2 | ||
| 041 | 0 | |a eng | |
| 082 | 0 | |a 006.7 |2 (22) | |
| 110 | 2 | |a MDIC 2004. | |
| 245 | 1 | 0 | |a Multimedia databases and image communication : |b proceedings of the workshop on MDIC, 2004 : Salerno, Italy 22 June 2004 / |c editors, Andrea F. Abate, Michele Nappi, Monica Sebillo. |
| 260 | |a New Jersey ; |a London : |b World Scientific, |c c2004. | ||
| 300 | |a viii, 124 σ. : |b εικ. ; |c 24 εκ. | ||
| 490 | 1 | |a (Series on software engineering and knowledge engineering |v ; 17) | |
| 504 | |a Περιέχει βιλβιογραφικές παραπομπές. | ||
| 650 | 0 | 0 | |a Multimedia systems |x Congresses. |
| 650 | 0 | 0 | |a Database management |x Congresses. |
| 650 | 0 | 0 | |a Image processing |x Digital techniques |x Congresses. |
| 650 | 0 | 0 | |a Image processing |x Databases |x Congresses. |
| 700 | 1 | |a Abate, Andrea F. |e edt | |
| 700 | 1 | |a Nappi, Michele, |e edt | |
| 700 | 1 | |a Sebillo, Monica, |e edt | |
| 830 | 0 | |a Series on software engineering and knowledge engineering ; |v 17 | |
| 852 | |a INST |b SAMOS |e 20071120 |h 006.7 MDI |p 005300027805 |q 005300027805 |t BK |y 0 | ||
| 901 | |a BIBL3-2007-3 | ||
| 909 | |a Σ |b 139951 | ||
| 922 | |a 3ΕΛΗ |b 200710 |c ΕΠΕΑΕΚ2/ΤΜΠΕΣ |d ΠΑΠΑΣΩΤΗΡΙΟΥ | ||
| 970 | |a ΡΟΥΣΣΟΥ |b ΚΩΝΣΤΑΝΤΙΝΑ |z 2007/11/20 | ||